| 000 | 00361nam a22001217a 4500 | ||
|---|---|---|---|
| 082 | _aTHE 200 | ||
| 100 |
_aIBRAR HUSSAIN, _972786 |
||
| 245 | _aTH-SOF-0744-APPLICATION OF SBSE TECHNIQUES FOR HIERARCHICAL SOFTWARE CLUSTERING | ||
| 260 |
_aNUST COLLEGE OF EME _bISLAMABAD _c2001 |
||
| 650 | _aMS-CSE-9 MSTHESIS | ||
| 700 |
_aDR AASIA KHANUM _917318 |
||
| 942 | _cCF | ||
| 999 |
_c578763 _d578763 |
||